000
00414nam a2200133Ia 4500
008
151001s9999||||xx |||||||||||||| ||und||
100
_a
दिलीप साईनाथ
245
_a
दुष्काळ आवडे सर्वांना
250
_a
2
260
_b
पाठ्यपुस्तक निर्मिती मंडळ
260
_c
2007
300
_a
0
365
_b
21
999
_c
996832
_d
996829